000 00425nam a2200145Ia 4500
008 090124s9999 xx 000 0 und d
082 _b401856
245 _a गप्प बसा मुछासन
250 _a1
260 _bभागवत भा.रा.
_c1984
300 _a100
630 _a गप्प बसा मुछासन
730 _a गप्प बसा मुछासन
942 _cBOOK
999 _c198316
_d198316